1942 1502 1166 1763 1199 1547 1709 1015 1826 1254 1677 1358 1082 1901 1139 1008 1364 1840 1067 1546 1107 1305 1824 1641 1047 1396 1416 1614 1167 1990 1662 1386 1509 1557 1828 1843 1195 1752 1469 1670 1289 1239 1819 1204 1367 1292 1192 1054 1905 1277 1715 1668 1268 1930 1814 1253 1665 1808 1346 1469 1206 1742 1440 1098 1408 1077 1496 1033 1165 1502 1562 1081 1247 1710 1901 1307 1942 1505 1846 1726 1979 1377 1548 1239 1373 1693 1496 1162 1663 1337 1051 1671 1694 1375 1779 1795 1904 1232 1582 BCNSPRNW ULIB Ver.6.0+V

เปลี่ยนเป็นภาษาไทย

Change to English
 แสดงรายละเอียดบรรณานุกรม
  กลับหน้าหลัก

Brief Record : Get Marc (ISO 2709) : E-mail record : QR code < ปิดหน้าต่าง
LEADER : 00000nam 2200000uu 4500
001    13399127879
003     ULIB
008    211019s2564||||th 000 0 tha d
020    ^a9789740339205
050  4 ^aBF201^bพ625จ
100 0  ^aพาสนา จุลรัตน์
245 10 ^aจิตวิทยาการรู้คิด =^bCognitive psychology /^cพาสนา จุลรัตน์
246 31 ^aCognitive psychology
260    ^aกรุงเทพฯ :^bสำนักพิมพ์จุฬาลงกรณ์มหาวิทยาลัย,^c2564
300    ^aฒ, 453 หน้า :^bภาพประกอบ
650  4 ^aจิตวิทยาการรู้คิด
650  4 ^aการรู้คิด
945    ^p440^l0^i008503
945    ^p440^l0^i008504
945    ^p440^l0^i008505
999    ^aประนอม เกษจรัล
รายการนี้ยังไม่มีแท็ก
คุณยังไม่ได้ล็อกอิน คุณสามารถมีกิจกรรมร่วมกับเว็บไซต์ได้ แต่ต้องล็อกอินก่อน ::
  ล็อกอิน

รายการสื่อสารสนเทศ

ลำดับที่ ประเภท เลขเรียก/บาร์โค้ด สถานที่ สถานะ
1. การศึกษาทั่วไป
หนังสือสำรอง
สถานะ=หนังสือสำรอง
BF201 พ625จ ฉ.1 
  Barcode: 008503
ห้องสมุดวิทยาเขตสวรรค์ประชารักษ์
►หนังสือทั่วไป
บนชั้น
2. การศึกษาทั่วไป
การศึกษาทั่วไป
BF201 พ625จ ฉ.2 
  Barcode: 008504
ห้องสมุดวิทยาเขตสวรรค์ประชารักษ์
►หนังสือทั่วไป
บนชั้น
3. การศึกษาทั่วไป
การศึกษาทั่วไป
BF201 พ625จ ฉ.3 
  Barcode: 008505
ห้องสมุดวิทยาเขตสวรรค์ประชารักษ์
►หนังสือทั่วไป
บนชั้น

รายการใกล้เคียง
    ผู้แต่ง [พาสนา จุลรัตน์]

    หัวเรื่อง [จิตวิทยาการรู้คิด]
    หัวเรื่อง [การรู้คิด]

BibComment


ยังไม่เคยถูกคอมเมนท์

คอมเมนท์ทรัพยากรรายการนี้
  คอมเมนท์: จิตวิทยาการรู้คิ..


 Copyright 2026. Bcnsprnw @Library